000 00329nam a22001457a 4500
008 211012b ||||| |||| 00| 0 eng d
020 _a9780397547333
041 _aeng
080 _22nd
_a610.73
082 _a610.73
100 _a2
101 _aINF
245 _aComprehensive Maternity Nursing
_cMay,K.A
942 _2udc
_cBK
999 _c58160
_d58160